Jazz para principiantes /

Describe el desarrollo de esta forma única de arte y explora cada uno de los elementos que se combinan en la creación del jazz. El libro atraviesa cada una de las importantes etapas de la creación del jazz, desde el metálico optimismo del Dixieland, y la fiereza y dignidad del Bebop, incluyendo la f...

Descripción completa

Detalles Bibliográficos
Autor principal: David, Ron
Otros Autores: Holley, Vanessa
Formato: Libro
Lenguaje:español
Publicado: Buenos Aires Era Naciente 2006
Colección:Para principiantes 27
Materias:
Acceso en línea:

MARC

LEADER 00000cam a2200000 a 4500
001 019816
003 UAHC_CL
005 20170803121814.0
008 120530s2006 ag 000 spa
020 |a 9879065441 
040 |a UAHC_CL  |c UAHC_CL  |d UAHC_CL 
082 0 4 |a 781.65  |b D249  |2 20 
100 1 |a David, Ron 
245 1 0 |a Jazz para principiantes /  |c Ron David, Vanessa Holley. 
260 |b Era Naciente  |a Buenos Aires  |c 2006 
300 |a 176 p. 
490 0 |a Para principiantes  |v 27 
520 |a Describe el desarrollo de esta forma única de arte y explora cada uno de los elementos que se combinan en la creación del jazz. El libro atraviesa cada una de las importantes etapas de la creación del jazz, desde el metálico optimismo del Dixieland, y la fiereza y dignidad del Bebop, incluyendo la fusión del jazz-rock y el jazz Hiphop. Presenta también biografías de los grandes músicos del jazz, como Louis Armstrong y Billie Holliday hasta Miles Davis y John Coltrane. Esta guía sorprendente legitima el jazz desde las venas, las tripas y el humor –en verdad–, así es la música que describe. 
650 4 |a JAZZ  |x HISTORIA 
653 |a COMPLEMENTARIA 
700 1 |a Holley, Vanessa 
900 |a 781.65 DAV 
942 |c BK 
952 |0 0  |1 0  |4 0  |6 781_650000000000000_DAV  |7 0  |8 Referencia  |9 39697  |a BC  |b BC  |c Referencia  |d 2017-08-03  |l 0  |o 781.65 DAV  |p 1400590  |r 2025-11-25 00:00:00  |t 1  |w 2017-08-03  |y BK 
952 |0 0  |1 0  |4 0  |6 781_650000000000000_DAV  |7 0  |8 General  |9 39698  |a BS  |b BS  |c General  |d 2017-08-03  |l 7  |m 8  |o 781.65 DAV  |p 1400591  |r 2026-03-23 14:16:53  |s 2026-03-09  |t 1  |w 2017-08-03  |y BK 
952 |0 0  |1 0  |4 0  |6 781_650000000000000_DAV  |7 0  |8 General  |9 39699  |a BR  |b BR  |c General  |d 2017-08-03  |l 1  |o 781.65 DAV  |p 1421567  |r 2026-01-14 00:00:00  |s 2017-12-06  |t 1  |w 2017-08-03  |y BK 
952 |0 0  |1 0  |4 0  |6 781_650000000000000_DAV  |7 0  |8 Referencia  |9 39700  |a BC  |b BC  |c Referencia  |d 2017-08-03  |l 0  |o 781.65 DAV  |p 1421568  |r 2025-11-25 00:00:00  |t 2  |w 2017-08-03  |y BK 
999 |c 19816  |d 19816